[Event "Presov"]
[Site "Presov"]
[Date "1999.08.20"]
[Round "7"]
[White "Stohl, Igor"]
[Black "Stocek, Jiri"]
[Result "1/2-1/2"]
[WhiteElo "2600"]
[BlackElo "2532"]
[Annotator "Avrukh,B"]
[PlyCount "109"]
[EventDate "1999.08.14"]
[EventType "tourn"]
[EventRounds "9"]
[EventCountry "SVK"]
[EventCategory "10"]
[SourceTitle "CBM 073"]
[Source "ChessBase"]
[SourceDate "1999.12.01"]
[SourceVersion "1"]
[SourceVersionDate "1999.12.01"]
[SourceQuality "1"]

1. Nf3 Nf6 2. c4 b6 3. d4 e6 4. g3 Bb4+ 5. Bd2 Bxd2+ 6. Qxd2 Ba6 7. Qc2 (7. b3)
7... c5 8. Bg2 (8. e4 cxd4 9. Nxd4 O-O 10. Nc3 Bb7 11. O-O-O a6 12. f4 (12. Rg1
{[%cal Gg3g4,Gg4g5]} Qc7 13. f4 Nc6 14. Nxc6 Bxc6 15. e5 Ng4 16. Bd3 f5 $2 (
16... Ne3 $1 17. Bxh7+ Kh8 18. Qe2 Nxd1 19. Qh5 Bf3 $1 20. Qh3 Bg4 $1 21. Qh4
Qd8 $1 22. Qxg4 Kxh7 23. Rxd1 $44) 17. Rge1 $16 {1-0 Beliavsky,A-Razuvaev,Y/
URS-FL 1978 (35)}) 12... Qc7 13. Bd3 d6 14. Rhe1 Nbd7 15. Qe2 {[%cal Ge4e5]} d5
(15... Rfd8 $142 16. e5 $140 dxe5 17. fxe5 Ne8 18. Qh5 Nf8) 16. cxd5 exd5 17.
e5 Ne4 18. Bxe4 dxe4 19. Kb1 Nc5 20. Nf5 $16 {[%cal Gf5d6] 1-0 Tunik,
G-Veselovsky,S/Minsk op 1994 (40)}) 8... Nc6 9. dxc5 bxc5 10. O-O Rb8 $146 (
10... O-O 11. b3 (11. Nbd2 Rb8 12. b3 Rb6 13. Rfe1 {[%cal Ge2e4]} Nb4 14. Qc3
d6 15. a3 Nc6 16. Rab1 Qb8 $11 {0-1 Kashdan,I-Steiner,E/Stockholm ol 1937 (36)}
) 11... Qc7 (11... Rb8 12. Nc3 Qe7 13. Rfd1 d5 14. cxd5 exd5 15. Ng5 $6 (15.
Na4 $1 {[%csl Gc5]} c4 {[%csl Gd4]} 16. Nc3 Rfd8 17. Nd4 $14) 15... g6 16. Qd2
(16. Nxd5 Nxd5 17. Bxd5 Nd4) 16... Rbd8 $15 {[%csl Gg5] 0-1 Vidmar,M-Kostic,B/
Ljubljana 1938 (34)}) 12. Nc3 d5 (12... Nb4 13. Qd2 $2 (13. Qb2 $142) 13...
Rad8 {[%cal Gd7d5]} 14. e4 d6 {0-1 Bergs,T-Steiner,E/Kemeri 1937 (35)} (14...
d5 $1 $17)) 13. cxd5 exd5 14. Rfe1 {[%csl Ge2]} (14. Na4 Ne4) 14... Nb4 15. Qb2
d4 16. Nd1 $2 {[%csl Gd1]} (16. Na4 d3 $140 17. Rac1 Nc2 18. Red1 dxe2 19. Rd2
$16) 16... Bb7 $17 {Pirc,V-Szabo,L/Ljubljana 1938/0-1 (55)}) 11. b3 Qb6 $6 {
The beginning of the dubious idea.} (11... O-O $142 12. Nc3 d5 $11) 12. Nc3 Nd4
$2 (12... O-O 13. Rfd1 Rfd8 (13... d5 14. Na4 Qa5 15. cxd5 exd5 16. Qxc5 Qxc5
17. Nxc5 Bxe2 18. Rd2 $14 {[%csl Gd5]}) 14. Ne4 $1 $14) 13. Nxd4 cxd4 14. Ne4 (
14. Na4 $5 {also looks very strong.} Qc7 15. Rad1 e5 16. e3 dxe3 17. fxe3 O-O
18. Nc3 {[%csl Gd5,Gd7]} Bb7 $140 19. Bxb7 Rxb7 20. Rxf6 gxf6 21. Nd5 $40)
14... Nxe4 15. Qxe4 d6 (15... Bb7 $144 16. Qe5 (16. Qg4 Bxg2 17. Kxg2 O-O 18.
Rfd1 Qc6+ 19. Kg1 e5 $11) 16... Bxg2 17. Kxg2 f6 (17... O-O $143 18. Rfd1 $16 {
[%csl Gd4]}) 18. Qh5+ Ke7 19. Rad1 $16) 16. Rad1 e5 17. e3 dxe3 (17... Bb7 18.
Qg4 $1 $16 {[%csl Gg7]}) 18. Qxe3 Qxe3 (18... O-O 19. Rd5 $1 {[%csl Gd6][%cal
Gf1d1] and i don't see the way how black can hold d6-pawn.}) 19. fxe3 Ke7 20.
Rd5 $1 $16 {[%cal Gd5a5] This is the key move in white strategy,black has not
only one weakness on d6,but even weaker subject-a7-pawn.} Rhc8 21. Ra5 Rb6 22.
Rd1 Rc7 {[%cal Ga6c8]} (22... f5 23. Bh3 g6 24. e4 Rf8 25. exf5 gxf5 26. c5 (
26. Re1 $5 $16 {[%cal Gc4c5]}) 26... dxc5 27. Rxc5 Kf6 28. Rc7 $16) 23. Bh3 $1
g6 24. e4 f6 25. Kf2 Rbc6 26. Ke3 Rb6 27. Rdd5 Rbc6 28. Ra4 $1 {[%cal Gd5a5]
desicive idea.} Rb6 29. Rda5 Rcc6 30. Bf1 $18 {[%cal Gc4c5]} f5 (30... Bb7 31.
Rxa7 $18) 31. exf5 (31. c5 Rxb3+ 32. axb3 Bxf1 33. Rxa7+ Ke6 34. exf5+ gxf5 35.
cxd6 Kxd6 (35... Bb5 36. Rxh7 Bxa4 37. d7 Rd6 38. bxa4 $18) 36. Rxh7 Rc3+ 37.
Kf2 Bb5 38. Ra5 Rxb3 39. Rb7 $18) 31... gxf5 32. Bg2 (32. c5 $18) 32... d5 (
32... e4 33. Rxf5 $18) 33. c5 (33. Bxd5 Rh6 34. b4 {[%cal Gb4b5] and white
must win easily.}) (33. Rxd5 $18) 33... d4+ 34. Kf2 (34. Kd2 e4 35. cxb6 e3+
36. Kd1 e2+ 37. Kd2 Rc2+ 38. Kxc2 e1=Q 39. Rxa6 $16) 34... e4 35. cxb6 (35.
Rxd4 Rb8 (35... Rb5 36. Rxb5 Bxb5 37. a4 Ba6 38. b4 $18) 36. Rd6 $18 {maybe
was the most practical way.}) 35... e3+ (35... Rc2+ 36. Ke1 d3 37. Bxe4 $1 (37.
Rxa6 e3) 37... Re2+ 38. Kd1 fxe4 39. Rxa6 $18) 36. Kf3 Re6 37. Rc5 (37. bxa7
$142 $1 Bb7+ (37... e2 38. a8=Q e1=Q 39. Qa7+ Kf6 40. Qxd4+ $18) 38. Ke2 d3+ (
38... Bxg2 39. Rxd4) 39. Kxd3 e2 40. Bxb7 e1=Q 41. a8=Q $18) (37. Rxa6 $143 e2
38. bxa7 e1=Q {[%cal Ge1e3]} 39. Rxe6+ Kxe6 40. Rxd4 Qa5 $16) 37... e2 38. Rc1
d3 39. Rd4 (39. bxa7 Bb7+ (39... d2 40. Rc7+ Kf6 41. a8=Q e1=N+ $1 42. Kf2 Nd3+
43. Kg1 Re1+ 44. Bf1 Rxf1+ 45. Kg2 Rf2+ 46. Kh3 $18) 40. Kf4 d2 $1 $17) 39...
e1=Q 40. Rxe1 Rxe1 41. bxa7 (41. Bh3 axb6 42. Bxf5 Re2 43. Bxd3 Bxd3 44. Rxd3
Rxh2 (44... Rxa2 45. h4 {[%cal Gf3g4,Gg4h5]}) 45. a4 $16) 41... Bb7+ 42. Kf4
Bxg2 43. Rxd3 Rc1 {[%cal Gc1c7]} 44. Rd4 $1 {[%cal Gd4a4]} (44. Kxf5 Rc5+ 45.
Kf4 Ra5 $11) 44... Rc5 {[%cal Gc5a5]} 45. Ra4 Ba8 46. Ra6 Kf7 47. h4 {[%cal
Gh4h5,Gh5h6]} h5 48. Rh6 $2 {[%mdl 16384] Only this move finally misses the
win for white. Even two black pawns doesn't cost so much, as a7-pawn,which
didn't allows to activate black bishop.} ({There were two good possibilities
for white:} 48. Kg5 Kg7 (48... Rb5 49. Rf6+ {[%cal Gf6f5]}) 49. b4 Rc3 50. b5
Rxg3+ 51. Kxf5 $18) (48. a4 Kg7 (48... Rc3 49. Rh6 Kg7 (49... Rxb3 50. Rh8) 50.
Rxh5 Rxb3 51. Rg5+ Kh7 52. Rxf5 Rb4+ 53. Kg5 Rxa4 54. Rf7+ Kg8 55. Rc7 $18) 49.
Kg5 Rc3 50. b4 {and white winning.}) 48... Ra5 49. a4 Be4 50. Rxh5 Kg6 51. Rg5+
Kf6 52. g4 Bc2 $1 53. gxf5 Bxb3 54. Rg6+ Kf7 55. Rh6 1/2-1/2

[Event "POL-ch 63rd"]
[Site "Krakow"]
[Date "2006.03.06"]
[Round "10"]
[White "Wojtaszek, Radoslaw"]
[Black "Macieja, Bartlomiej"]
[Result "1-0"]
[WhiteElo "2605"]
[BlackElo "2585"]
[Annotator "Avrukh,B"]
[PlyCount "91"]
[EventDate "2006.02.25"]
[EventType "tourn"]
[EventRounds "13"]
[EventCountry "POL"]
[EventCategory "12"]
[SourceTitle "CBM 112"]
[Source "ChessBase"]
[SourceDate "2006.06.07"]
[SourceVersion "1"]
[SourceVersionDate "2006.06.07"]
[SourceQuality "1"]

1. d4 Nf6 2. c4 e6 3. Nf3 b6 4. g3 Ba6 5. b3 Bb4+ 6. Bd2 Be7 7. Bg2 c6 8. Bc3
d5 9. Ne5 Nfd7 10. Nxd7 Nxd7 11. Nd2 O-O 12. O-O Rc8 13. e4 b5 (13... c5 14.
exd5 exd5 15. dxc5 dxc4 16. c6 cxb3 17. Re1 Bb5 18. axb3 $14) 14. Re1 dxe4 15.
Nxe4 bxc4 16. Qe2 Nf6 (16... c5 $5 17. dxc5 Nxc5 18. Qg4 $1 (18. Nxc5 $6 Rxc5
19. b4 Rc7 $6 20. Rad1 Rd7 21. Qg4 g6 22. a4 Rxd1 $2 23. Rxd1 Qc7 24. Qd4 e5
25. Qd7 $16 {/\Re1+- 1-0 Avrukh,B-Kalesis,N/Budapest 1993/CBM 038/[Dautov] (32)
}) 18... g6 19. Nxc5 Rxc5 20. Rad1 {'|^' Khalifman.} Qc8 21. Qd4 f6 (21... e5
$2 22. Rxe5 Rd8 23. Qxd8+ $18) 22. Bh3 Rc6 23. Qd7 $36 {'+/-' Dautov.}) 17. Nc5
$1 {This move was recommended by Dautov back in the mid 90ies!} (17. Rac1 Nxe4
18. Bxe4 Bf6 19. Red1 Qc7 20. Qh5 g6 21. Qa5 Qb7 22. bxc4 Bxc4 23. Bb4 Qb5 24.
Qxb5 cxb5 $44 {Khalifman; Vyzhmanavin,A-Magerramov,E Cheliabinsk 1991}) (17.
Red1 Nxe4 18. Bxe4 Qd6 19. bxc4 Bf6 20. Qh5 h6 $1 21. Qa5 c5 22. d5 Bd4 $1 (
22... Bxc3 23. Qxc3 $14) 23. Qa3 Rfd8 24. Rac1 $11 {1/2-1/2 Khalifman,A-Lutz,C/
Groningen 1993/CBM 039/[Khalifman]}) 17... Bxc5 (17... Qb6 18. bxc4 $1 Bxc5 19.
Rab1 $16) 18. dxc5 Qe7 (18... Qd3 $5 19. Qb2 (19. Qe5 Qg6 (19... Qf5 $2 20.
Qxf5 exf5 21. Bxf6 gxf6 22. Re7 $16) 20. b4 Rfd8 $132) 19... Nd5 20. Bxd5 cxd5
21. Bxg7 $36) 19. b4 (19. Qe5 cxb3 20. axb3 Bb5 $13) 19... Rfd8 (19... Nd5 20.
Bxd5 $1 cxd5 21. Qe5 Qf6 (21... f6 22. Qxe6+ Qxe6 23. Rxe6 $16) 22. Qxf6 gxf6
23. Bxf6 Rb8 24. Reb1 $1 $14) 20. Qb2 $1 $14 {[%csl Rg7] It looks like Black's
defensive task is pretty tough after this strong move. White isn't in the
hurry to win back the pawn on c4. It's much more important to tie up Black's
pieces in order not to allow Nd5 in the future.} (20. Be5 Rd3 21. a4 Nd5 22.
Rab1 c3 23. b5 (23. Bxd5 $2 Rxg3+ $1 $19) 23... Rd2 $132) 20... Ne8 $6 (20...
Rd3) 21. a4 h6 (21... f6 $2 22. b5 Bb7 23. Bh3) 22. Re2 $6 {Useless move.
Black's life would've been more difficult after} (22. f4 $1 {[%csl Re6][%cal
Gf4f5]} Qf8 23. Rad1 Nc7 24. Rxd8 Rxd8 25. Bxc6 Nd5 26. Be5 $16) 22... Rd3 23.
Be4 Rd7 24. Ree1 Bb7 25. Qa2 Ba6 26. Rab1 Nf6 27. Bg2 Nd5 {Black has finally
managed to bring the knight to d5 and now the position isn't that clear.} 28.
Be5 Qf8 (28... Rb7 $6 29. Bxd5 exd5 30. Bxg7 Qg5 31. Bc3 $16) 29. Rec1 $6 {
Wasting precious time. Better was} (29. b5 Bb7 30. Qxc4 cxb5 31. Qxb5 Bc6 32.
Qa6 Ne7 $14) 29... Rb7 30. Qa3 Qd8 (30... Qe7 31. h4 f6 32. Bd6 Qf7 $132) 31.
h4 f6 32. Bd6 c3 33. Rxc3 $5 (33. Bxd5 exd5 34. Qxc3 Bc4 $11) 33... Nxc3 34.
Qxc3 Qd7 $6 {[%csl Ra6,Rb7] Now the rook and the bishop are stuck on very
awkward positions.} (34... Rf7 $1 {[%cal Ga6b7,Ge6e5,Gd8e8]}) 35. Rb2 Qf7 $2 {
Missing White's next move which leads to easily winning position for White.} (
35... e5) 36. b5 $18 cxb5 (36... Bxb5 37. axb5 Rxb5 38. Rxb5 cxb5 39. Qa5 Qd7
40. Bf1 $18) 37. Qa5 bxa4 38. Qxa6 Rxb2 39. Qxc8+ Kh7 40. Qa6 Rb1+ 41. Kh2 Qg6
42. Qxa4 Rb2 43. Qd4 Re2 44. c6 e5 45. Qxa7 Rc2 46. c7 1-0

[Event "Moscow Aeroflot op-A"]
[Site "Moscow"]
[Date "2006.02.15"]
[Round "8"]
[White "Sasikiran, Krishnan"]
[Black "Motylev, Alexander"]
[Result "1/2-1/2"]
[WhiteElo "2670"]
[BlackElo "2638"]
[Annotator "Avrukh,B"]
[PlyCount "85"]
[EventDate "2006.02.08"]
[EventType "swiss"]
[EventRounds "9"]
[EventCountry "RUS"]
[SourceTitle "CBM 112"]
[Source "ChessBase"]
[SourceDate "2006.06.07"]
[SourceVersion "1"]
[SourceVersionDate "2006.06.07"]
[SourceQuality "1"]

1. d4 Nf6 2. c4 e6 3. Nf3 b6 4. g3 Ba6 5. b3 Bb4+ 6. Bd2 Be7 7. Bg2 c6 8. Bc3
d5 9. Ne5 Nfd7 10. Nxd7 Nxd7 11. Nd2 O-O 12. O-O Nf6 13. e4 dxe4 14. a4 $5 (14.
Nxe4 Rc8 15. a4 (15. Qc2 b5 16. Nc5 Bxc5 17. dxc5 Qe7 18. cxb5 Bxb5 19. Bxf6
Qxf6 20. Rfe1 Rfd8 21. Rad1 $14 {1/2-1/2 Onischuk,A-Ibragimov,I/Fort
Lauderdale 2004/CBM 101 ext (41)}) 15... Nxe4 16. Bxe4 Bf6 17. Qd3 h6 18. Rfd1
Qc7 19. h4 Rfd8 20. Qf3 c5 21. d5 Bxc3 22. Qxc3 exd5 23. cxd5 Qd6 24. Rd2 Rc7
25. Rad1 Re7 $11 {1/2-1/2 Teske,H-Markos,J/Pardubice 2002(53)}) 14... Nd5 $5 {
After this move the position becomes extremely unclear, however it seems that
Black isn't obliged to go for this sharp line.} (14... Rc8 $5 {deserved
attention: preparing to capture on e4.}) 15. cxd5 Bxf1 16. d6 $5 {Not allowing
Black to get a strong pawn center, but giving up the lightsquared bishop. It's
not easy to evaluate the consequences of this move, but I think that taking on
f1 definitely deserves very serious attention.} (16. Nxf1 exd5 $132) 16... Bxg2
17. dxe7 Qxe7 18. Kxg2 f5 {This move is necessary to protect a pawn on e4.} (
18... Rad8 19. Qe2 f5 20. Nc4 c5 21. Qe3 $6 cxd4 22. Bxd4 Rd5 23. Ne5 Qd6 24.
Nc4 Qd8 25. Bb2 Rd3 $15 {0-1 Matthiesen,M-Schandorff,L/Denmark 2001 (40)}) 19.
Nc4 Rad8 20. Ra2 Rd5 ({Black needs some open files for his rooks, for that
reason} 20... c5 $5 {should come into consideration} 21. Rd2 cxd4 22. Bxd4 Rd5
23. Ne3 Rd7 $13 {[%cal Gf8d8]}) 21. Ne3 Rd7 22. Rd2 f4 23. gxf4 {Allowing
Black's pawn to come to f3 seems to be wrong, so 23.gxf4 definitely makes
sense.} (23. Nc4 Qg5 {[%csl Gg4]} 24. Ne5 Rd6 25. Qe1 f3+ 26. Kg1 Qf5 $15)
23... Rxf4 24. Qh5 Rd8 {[%cal Gd8f8] Once white king is exposed Black should
try to look for counterplay on the kingside.} 25. Rc2 Rdf8 26. Be1 Qf6 27. Qe5
Qf7 $6 (27... Qg6+ $5 28. Kh1 Rf3 29. Re2 h5 $1 30. Ng2 (30. b4 h4 $1 $36)
30... Rxb3 31. Nf4 Qf7 32. Qxe6 (32. Rxe4 $2 Rb1 33. Kg2 Rxe1 $17) 32... Qxe6
33. Nxe6 Re8 34. Rxe4 a5 $15) 28. b4 Rf3 29. Re2 ({Of course White can't take
on e4.} 29. Qxe4 $4 Rxe3 30. Qxe3 (30. fxe3 Qf1+ 31. Kg3 Qxe1+ 32. Kg4 Rf6 $19)
30... Qg6+ $19 {[%csl Rc2]}) 29... Rf4 30. Kf1 Qg6 31. Rc2 Qh6 32. Ke2 {
Getting away from the danger.} (32. Ng2 $2 Qh3 $1 {[%cal Gh3f1]}) 32... Qxh2
33. Kd1 Qh1 {[%csl Rf2] Each side is playing its strong cards.} 34. Qxe6+ Kh8
35. Qxc6 h6 36. d5 Rxf2 37. Rxf2 Rxf2 38. Qc8+ (38. d6 $2 Qf3+ $19) 38... Kh7
39. Qg4 h5 40. Qg3 Ra2 ({It looks like the endgame arising after} 40... Qf3+
41. Qxf3 Rxf3 42. Ke2 g5 43. d6 Kg6 $15 {should favour Black, but I can't
blame him for choosing the safe line leading to a draw.}) 41. d6 Ra1+ 42. Kd2
Rxe1 43. Qxe1 $11 1/2-1/2

[Event "EU-Cup 13th Group2"]
[Site "Eupen"]
[Date "1997.09.24"]
[Round "3"]
[White "Nikolic, Predrag"]
[Black "Psakhis, Lev"]
[Result "1/2-1/2"]
[WhiteElo "2630"]
[BlackElo "2565"]
[Annotator "Avrukh,B"]
[PlyCount "44"]
[EventDate "1997.09.22"]
[EventType "team-k.o."]
[EventRounds "3"]
[EventCountry "BEL"]
[SourceTitle "EXT 2020"]
[Source "ChessBase"]
[SourceDate "2019.10.17"]
[SourceVersion "1"]
[SourceVersionDate "2019.10.17"]
[SourceQuality "1"]
[WhiteTeam "Sarajevo Bosna"]
[BlackTeam "Herzliya Chess Club"]
[WhiteTeamCountry "BIH"]
[BlackTeamCountry "ISR"]

1. d4 {Tyomkin,D} Nf6 2. c4 e6 3. Nf3 b6 4. g3 Ba6 5. Qa4 Bb7 6. Bg2 c5 7. O-O
cxd4 8. Nxd4 Qc8 9. Rd1 a6 10. Nc3 Bxg2 11. Kxg2 Qb7+ 12. f3 Be7 13. Bg5 (13.
e4) (13. Bf4 O-O 14. Rd2 h6 15. Rad1 Rc8 16. e4 d6 17. Nde2 Ne8 18. e5 dxe5 19.
Bxe5 Qc6 20. Qb3 Ra7 21. Ne4 Nd7 22. Bc3 Ndf6 $10 {Piket,J-Karpov,A/Monaco
rapid 1993/1/2-1/2(72)}) 13... Nc6 $1 $146 (13... h6 14. Bxf6 Bxf6 15. Qb3 $5 (
15. Rd3 $146 O-O 16. Rad1 Rc8 17. Qb3 Rc7 18. Ne4 Be7 19. g4 Nc6 20. Nxc6 Qxc6
21. Nd6 Raa7 $10 {Sorin,A-Leitao,R/Schahin Cury, Americana BRA 1997/1/2-1/2(48)
}) (15. Ne4 Be7 16. Qb3 (16. Rd3 O-O 17. Rad1 Rc8 18. Qb3 Ra7 $1 $10 {Matlak,
M-Novikov,I/Rubinstein mem 1989/EXT 89/0-1 (47)}) 16... Qc7 17. Rac1 O-O $10 {
Jukic,M-Balashov,Y/Katowice op 1992/TD 92\04/1-0(54)}) 15... Nc6 (15... O-O 16.
c5) 16. Ne4 Be7 17. c5 $36 {Jukic,M-Mitenkov,A/Katowice op 1992/1/2-1/2 (63)})
(13... O-O $6 14. Ne4 Nxe4 15. Bxe7 Re8 16. Ba3 $16 {Karpeshov,O-Vilkov,V/
RUS-chT 1995/EXT 97/1-0 (55)}) 14. Nxc6 Qxc6 15. Bxf6 Bxf6 16. Qxc6 dxc6 $10
17. Ne4 (17. Rd6 Rc8 18. Rad1 O-O (18... Be7 19. Rd7) 19. Rd7 Rfd8 20. Ne4 Be7
$10 21. c5 $140 f5 22. Rxd8+ Rxd8 23. Rxd8+ Bxd8 24. Nd6 Be7 $1) 17... Ke7 $1 (
17... Be7 $6 18. Nd6+ Bxd6 19. Rxd6 Rc8 20. Rad1) 18. Nxf6 Kxf6 (18... gxf6 $10
) 19. Rd6 Rhd8 $1 20. Rad1 (20. Rxc6 Rd2 21. Kf2 (21. Rxb6 $6 Rxe2+ 22. Kh3 (
22. Kg1 $2 Rd8 $17) 22... Rd8 23. Rxa6 Rdd2) 21... Rxb2 22. Rd1 Rxa2 23. Rxb6
Rc8 $10) 20... Ke7 21. Rxd8 Rxd8 22. Rxd8 Kxd8 1/2-1/2

[Event "HUN-ch"]
[Site "Budapest"]
[Date "1997.10.27"]
[Round "6"]
[White "Pinter, Jozsef"]
[Black "Almasi, Zoltan"]
[Result "1/2-1/2"]
[WhiteElo "2590"]
[BlackElo "2615"]
[Annotator "Avrukh,B"]
[PlyCount "49"]
[EventDate "1997.10.21"]
[EventType "tourn"]
[EventRounds "10"]
[EventCountry "HUN"]
[EventCategory "15"]
[SourceTitle "CBM 062"]
[Source "ChessBase"]
[SourceDate "1998.01.31"]
[SourceVersion "1"]
[SourceVersionDate "1998.01.31"]
[SourceQuality "1"]

1. d4 Nf6 2. c4 e6 3. Nf3 b6 4. g3 Ba6 5. b3 Bb7 6. Bg2 Bb4+ 7. Bd2 a5 8. O-O
O-O 9. Nc3 d6 10. Qc2 Nbd7 11. Rfe1 Bxc3 12. Bxc3 Be4 13. Qb2 c6 $5 (13... d5 {
Chernin} 14. Bh3 $5 Bf5 15. Bxf5 exf5 16. Nh4 Ne4 $5 (16... g6 17. Bd2 $1 {
/\ Bg5,Ng2-f4 Chernin}) 17. f3 Nxc3 18. Qxc3 f4 19. Rac1 $14 {
Chernin-Romanishin, Taastrup 1992}) (13... Qb8 14. Bh3 b5 $1 {Petursson-Lerner,
Moscow 1987}) 14. Bf1 b5 15. Ng5 {A typical plan for this kind of positions:
first of all white puts his bishop on f1 keeping it from exchange then tries
to transfer e4 and to take controle over the center.} (15. d5 $6 {Almasi} cxd5
(15... bxc4 $2 16. dxe6 $1 fxe6 17. bxc4 $16) (15... exd5 $5 16. cxb5 c5 17.
Bxf6 (17. Nd2 $6 d4 18. Nxe4 Nxe4 19. Bd2 Qf6) 17... Nxf6 18. Nd2 Bg6) (15...
Bxf3 $5 16. exf3 exd5 17. cxb5 c5) 16. Bxf6 $1 Nxf6 17. cxb5 a4 $2 (17... Qb6
18. a4 Bxf3 19. exf3 Nd7 $13) 18. bxa4 Rxa4 19. Rec1 $1 Qa5 20. a3 $16 {
Sjoberg-Almasi, Malmo 1994}) (15. Nd2 $5 b4 $6 (15... Bg6 16. a3 Qb6 (16... d5
$6 17. e4 $1 dxe4 (17... bxc4 18. e5 $1 Ne8 19. bxc4 Nc7 20. Bg2 c5 21. Qa2 $16
) 18. cxb5 cxb5 19. Bxb5 Rb8 20. Bc6 Qc7 21. Bxd7 Nxd7 22. d5 $36 {[%cal Gc3g7]
}) 17. d5 cxd5 18. cxd5 exd5 19. Bd4 Qb7 20. Bh3 Rfc8 21. Rac1 $44) 16. Nxe4
Nxe4 17. Bd2 Nxd2 18. Qxd2 Rc8 19. Bg2 $16) 15... Bg6 16. Bg2 (16. cxb5 $6 cxb5
17. Bg2 d5 18. Rac1 Qb6 19. Bd2 Rfc8 $11) (16. f3 $5 bxc4 17. bxc4 d5 18. Bg2
dxc4 19. e4 c5 20. Rad1 $44 {[%csl Rg6][%cal Gd4d5]}) 16... d5 17. c5 $6 {
Permitting black to equalize without any problems.Still deserved attention 17.
f3!?} h6 18. Nf3 Ne4 $1 $11 19. Bd2 Nxd2 20. Qxd2 Qf6 (20... Be4 $5 21. Ne5 $6
(21. Qf4 $5) 21... Nxe5 22. dxe5 Bxg2 23. Kxg2 f6 $15) 21. Rac1 a4 22. b4 e5
23. Nxe5 Nxe5 24. dxe5 Qxe5 25. a3 1/2-1/2